| 000 | nam a22 7a 4500 | ||
|---|---|---|---|
| 999 |
_c328909 _d328909 |
||
| 003 | Nust | ||
| 005 | 20170419121513.0 | ||
| 008 | 170419b xxu||||| |||| 00| 0 eng d | ||
| 020 |
_a9695190006 _c380 Rs. |
||
| 040 | _cNust | ||
| 082 |
_a297.4 _bNAS |
||
| 100 | _aNasr, Seyyed Hossein | ||
| 245 |
_aLiving sufism / _cby Seyyed Hossein Nasr |
||
| 260 |
_aLahore: _bSuhail Academy, _c2005 |
||
| 300 | _a185 p. | ||
| 650 | _aLiving sufism | ||
| 650 | _aSufism | ||
| 650 | _aDoctorines | ||
| 942 |
_2ddc _cBK |
||